00868nam a22002537a 4500003000900000005001700009008003300026040002200059082001700081100001800098245012000116260003000236300002100266490001700287700001600304700002900320700003200349830001700381942001200398945003800410952011600448956003300564999001700597DO-SdBNP20171128154203.0171128b 1964 sp||| 00| 0 spa d aBPMSUbspacBPMSU axxxxxbxxxxx1 aTabor, Markus1 a¿Aman los otros de otra manera? /cMarkus Tabor, Wolf Gertt ; traducción José Moya Soley, Ute Körner de Moya aEspaña :bFerma,c1964. a228 p. ;c20 cm.1 aNovus mundus aGertt, Wolf1 aMoya Soley, José,etr.1 aKörner Moya, Ute de,etr. 0aNovus mundus 2ddccBK aInventariado extranjero / 2017 BT 00102ddc40708CGaBPMETbBPMETd2017-11-28eFUNDIl0oxxxxx xxxxxpBPMSU17110512r2017-11-28w2017-11-28yBK aBTAVAREZb10c20171128d0038 c13185d13185